000 00612nam a22001817a 4500
005 20251108170937.0
008 250721s1996 xx 000 0 ara d
082 1 4 _a641.5/حمي
100 1 _aالمنشئ، حميد صادق
245 1 0 _aكيف تصنعين المخللات و المربيات و تجمدين الفواكه و الخضروات عبر الفصول /
264 1 _aعمان :
_bدار الإسراء،
_c1996.
300 _a72ص
650 1 7 _aالأغذية
650 1 7 _aحفظ الأغذية
700 1 _aعبد الكريم، سعد رسول
942 _2ddc
_cBK
999 _c52715
_d52715